000 00913nam a22002532 4500
001 0000025252
005 20151217145955.0
008 150330s xx 000 0 eng d
020 _a8170121350 :
040 _aKABU
_cKABU
100 1 _aRamaswamy.
_@0000185756
245 1 0 _aCeaseless and relentless journey /
_cby K. Ramaswamy.
260 _aLucknow :
_bEastern Book Company,
_c2008.
300 _axvi, 265 p.
600 1 0 _aRamaswamy, K.,
_d1932-.
_@0000185757
650 0 _aJudges
_vBiography
_xIndia.
_@0000185400
852 1 _9p2150 KES
852 1 _9p2150 KES
852 1 _9p2150 KES
852 1 _9p2150 KES
852 1 _9p2150 KES
908 _a150330
950 _@1
999 _c4660
_d4660